| 000 | 00547 a2200169 4500 | ||
|---|---|---|---|
| 999 |
_c1871 _d1871 |
||
| 020 | _a9781452271002 | ||
| 050 | _aH62 MAR 2016 | ||
| 100 |
_aMarshall, Catherine _eauthor |
||
| 245 |
_aDesigning Qualitative Research _cCatherine Marshall, Gretchen B. Rossman |
||
| 250 | _a6th ed | ||
| 264 |
_aLondon: _bSAGE, _c2016 |
||
| 300 |
_a323 _bill.(some col.) |
||
| 500 | _aIncludes bibliographical references and index | ||
| 650 |
_aResearch Methodology _xResearch Methodology |
||
| 700 |
_aGretchen B. Rossman _eauthor |
||
| 942 |
_2lcc _cBK _e6th _h62 _iMAR _kH |
||